Poistenie zodpovednosti za škodu diplomová práca

Salvato in:
Dettagli Bibliografici
Autore principale: Marczell, Róbert
Ente Autore: Fakulta hospodárskej informatiky EU. Katedra matematiky a aktuárstva
Altri autori: Horáková, Galina
Natura: Libro
Lingua:slovacco
Pubblicazione: Bratislava 2019
Tags: Aggiungi Tag
Nessun Tag, puoi essere il primo ad aggiungerne!!

MARC

LEADER 00000nbm a2200000 4500
001 0254126
005 20191023084802.6
041 0 |a slo 
044 |a SK 
245 1 0 |a Poistenie zodpovednosti za škodu  |b diplomová práca  |c Róbert Marczell ; školiteľ: Galina Horáková 
264 1 |a Bratislava  |c 2019 
300 |a 62 s. 
100 1 |a Marczell, Róbert 
700 1 |a Horáková, Galina 
710 2 |a Fakulta hospodárskej informatiky EU. Katedra matematiky a aktuárstva